000
00318nam a2200109 a 4500
005
20140408090031.0
008
021129s19uu xx 00 eng d
050
_a
PGS '98
_b
AQU #2
100
_a
Aquino, Timothy Jorelle "Jaga" B.
245
_a
Use of medicinal plants as alternative to synthetic medicine.
942
_c
PASS
999
_c
96431
_d
96431